000
00294nam a2200121Ia 4500
008
140130s9999 xx 000 0 und d
245
_c
Douglas Adams
_a
Hitchhiker's Guide To The
260
_b
Scholastic,
_c
1979
440
_v
1
521
_a
Grade 7 - Grade 12
942
_c
BK
999
_c
41337
_d
41337